000 01142nam a2200301 a 4500
001 000111552
003 CHAP
005 20220329144218.0
008 150611s2015 mx a fsm |||||||spa d
010 _a108014
011 _a108986
040 _cCHAP
090 _aTesis
100 1 _aHernández González, Diana Irán
_9129434
245 1 0 _aModelación de la tasa de erosión hídrica y su relación con el uso del suelo, en la subcuenca del Río Chapingo, Estado de México
_h[En línea]
_cpor Diana Irán Hernández González.
260 _aChapingo, Méx. :
_bEl autor,
_c2015.
500 _aPara ver el contenido del material haga clic en la liga
502 _aTesis (Ing. en Restauración Forestal) -- UACH. División de Ciencias Forestales
590 _aE5995AHE
_b05
_c20150611
_lUCH01
_h1103
590 _aE5995AHE
_b05
_c20150611
_lUCH01
_h1104
650 1 4 _aSuelos
_xConservación
_xMéxico (Edo.)
_9110307
650 1 4 _aSuelos
_xDegradación.
_9110336
650 1 4 _aSuelos
_xErosión.
_9110357
856 _aFinding aid
_uhttp://10.13.5.2/tesis/sist111552.pdf
_zTeclea aquí
901 _aBK
942 _cTESIS
942 _n0
999 _c108014
_d108014